000 00766nam a2200265Ia 4500
003 OSt
005 20220924123721.0
006 a|||||r|||| 00| 0
007 ta
008 220923b |||||||| |||| 00| 0 urd d
020 _c85.00
024 _a269661
037 _cTextual
040 _aARTS
_cARTS
_burd
041 _2urd
_aurd
082 _aQ7:210aA, 168N4
100 _aNoorbaqi Halook Au.
_9193608
245 0 _aQuran aayat aur Scienci haqaiq
260 _aNew Delhi
_b Islamic book foundation India
_c1994
650 _a SCIENCE
650 _aQURAN
_933479
700 _a Shah Mohammad Firoz Tr.
_9193609
942 _hQ7:210aA, 168N4
_cTEXL
_2CC
999 _c416857
_d416857